Dalit feminist theory: Reader (Record no. 394655)

MARC details
000 -LEADER
fixed length control field 00577 a2200217 4500
005 - DATE & TIME
control field 20260402142357.0
008 - FIXED-LENGTH DATA ELEMENTS--GENERAL INFORMATION
fixed length control field 260402b |||||||| |||| 00| 0 eng d
020 ## - ISBN
International Standard Book Number 9780367438418
Price Rs. 995.00
040 ## - CATALOGING SOURCE
Original cataloging agency VIVEKANANDA LIBRARY
082 ## - DDC NUMBER
Classification number 305.420954
Book Number A97B
100 ## - MAIN ENTRY--PERSONAL NAME
Personal name Arya, Sunaina, ed.
245 ## - TITLE STATEMENT
Title Dalit feminist theory: Reader
260 ## - PUBLICATION, DISTRIBUTION, ETC. (IMPRINT)
Name of publisher, distributor, etc Routledge
Date of publication, distribution, etc 2026
Place of publication, distribution, etc London
300 ## - PHYSICAL DESCRIPTION
Pages xvi, 245
650 ## - Subject
Subject Social Sciences
650 ## - Subject
Subject Social Groups
650 ## - Subject
Subject Women- Feminism
650 ## - Subject
Subject Geographic Area- India
700 ## - Added Entry Personal Name
Added Entry Personal Name Rathore, Aakash Singh, ed.
942 ## - ADDED ENTRY ELEMENTS (KOHA)
Koha item type Books
Holdings
Withdrawn status Lost status Source of classification or shelving scheme Damaged status Not for loan Location (home branch) Sublocation or collection (holding branch) Shelving location Date acquired Koha issues (times borrowed) Koha full call number Accession No. Koha date last seen Koha item type
    Dewey Decimal Classification     VIVEKANANDA LIBRARY VIVEKANANDA LIBRARY Vivekananda Library 05/02/2026   305.420954 A97B 438177 05/02/2026 Books
© Designed and Maintained by Vivekananda Library, MDU Rohtak